Primi 15 paesi interessati da Covid-19 - 27 ottobre 2021 - Statistics

Statistiche generali
  • Questo quiz è stato fatto 3 volte
  • Il punteggio medio è 12 su 27
Statistiche sulle risposte
paese % Corretto
Francia
100%
Germania
100%
Italia
100%
Messico
100%
Russia
100%
Spagna
100%
Stati Uniti
100%
Argentina
67%
Brasile
67%
Turchia
67%
Cechia
33%
Colombia
33%
India
33%
Indonesia
33%
Iran
33%
Israele
33%
Regno Unito
33%
Slovenia
33%
Svezia
33%
Bahrain
0%
Belgio
0%
Estonia
0%
Georgia
0%
Lituania
0%
Paesi Bassi
0%
Serbia
0%
Uruguay
0%
Nessun quiz corrispondente trovato
Distribuzione punteggi
Percentuale di utenti per punteggio
Percentile per numero di risposta
I tuoi punteggi nel tempo
Non hai fatto questo quiz